|
|
|
|
| LEADER |
00000nbm0a2200000 4500 |
| 001 |
143800 |
| 005 |
20231031143352.0 |
| 035 |
|
|
|a (RuTPU)RU\TPU\book\155835
|
| 090 |
|
|
|a 143800
|
| 100 |
|
|
|a 20080924d1966 k y0rusy50 ca
|
| 101 |
0 |
|
|a rus
|
| 102 |
|
|
|a RU
|
| 105 |
|
|
|a a m 001zy
|
| 200 |
1 |
|
|a Исследование импульсного электрического перекрытия диэлектриков в вакууме в наносекундном диапазоне времени
|e диссертация на соискание ученой степени кандидата технических наук
|f С. П. Бугаев
|g Томский политехнический институт (ТПИ) ; науч. рук. А. А. Воробьев , Г. А. Месяц
|
| 210 |
|
|
|a Томск
|d 1966
|
| 215 |
|
|
|a 137 л.
|c ил.
|
| 320 |
|
|
|a Библиогр.: с. 132-137 (99 назв.)
|
| 610 |
1 |
|
|a диссертации
|
| 610 |
1 |
|
|a диэлектрики
|
| 610 |
1 |
|
|a вакуум
|
| 610 |
1 |
|
|a наносекундные диапазоны
|
| 610 |
1 |
|
|a электрические перекрытия
|
| 610 |
1 |
|
|a импульсные перекрытия
|
| 610 |
1 |
|
|a рентгеновское излучение
|
| 610 |
1 |
|
|a труды учёных ТПУ
|
| 675 |
|
|
|a 621.315.616(04)
|v 3
|
| 675 |
|
|
|a 537.226(04)
|v 3
|
| 700 |
|
1 |
|a Бугаев
|b С. П.
|
| 702 |
|
1 |
|a Воробьев
|b А. А.
|c российский физик
|c ректор Томского политехнического института, профессор
|f 1909-1981
|g Александр Акимович
|2 stltpush
|3 (RuTPU)RU\TPU\pers\12805
|4 727
|
| 702 |
|
1 |
|a Месяц
|b Г. А.
|c российский физик
|c академик, вице-президент РАН
|c выпускник Томского политехнического института
|f 1936-
|g Геннадий Андреевич
|2 stltpush
|3 (RuTPU)RU\TPU\pers\17099
|4 727
|
| 712 |
0 |
2 |
|a Томский политехнический институт (ТПИ)
|c (1944-1991)
|2 stltpush
|3 (RuTPU)RU\TPU\col\1123
|
| 801 |
|
1 |
|a RU
|b 63413507
|c 20080924
|g PSBO
|
| 801 |
|
2 |
|a RU
|b 63413507
|c 20111212
|g RCR
|
| 942 |
|
|
|c BK
|